000 00407nam a2200157 i 4500
001 bg
100 1 _aKOHLER, Claus
245 0 _aDeutsche verbale Wendungen fur Auslander /
_cC. Kohler, A. Herzog, W. Kursitza.
260 _aLeipzig,
_c1974.
700 1 _aHERZOG, Annelies
700 1 _aKURSITZA, Waltraud
040 _cBPK
041 _apol
942 _cKS
008 s pl f |000 0 pol
999 _c20799
_d20799
856 _uhttp://koha.tu.koszalin.pl/cgi-bin/koha/opac-detail.pl?biblionumber=20799
_yKatalog online BPK